[Event "U20 Polish Youth Championship"]
[Site "Ustron"]
[Date "2019.11.23"]
[Round "1"]
[White "Sernecki, Franciszek"]
[Black "Jeda, Maciej"]
[Result "1-0"]
[Board "18"]
[WhiteElo "2285"]
[WhiteCountry "POL"]
[WhiteFideId "1169297"]
[WhiteEloChange "2"]
[BlackElo "1865"]
[BlackCountry "POL"]
[BlackFideId "21857679"]
[BlackEloChange "-2"]

1. c4 {[%clk 1:30:02]} Nf6 {[%clk 1:30:45]} 2. Nc3 {[%clk 1:30:05]} g6 {[%clk
1:31:05]} 3. g3 {[%clk 1:30:01]} Bg7 {[%clk 1:31:25]} 4. Bg2 {[%clk 1:29:58]} O-O
{[%clk 1:31:40]} 5. e3 {[%clk 1:29:46]} d6 {[%clk 1:29:45]} 6. Nge2 {[%clk
1:29:40]} Nc6 {[%clk 1:28:35]} 7. O-O {[%clk 1:29:36]} e5 {[%clk 1:26:51]} 8. d4
{[%clk 1:29:25]} exd4 {[%clk 1:25:17]} 9. Nxd4 {[%clk 1:29:28]} Nxd4 {[%clk
1:25:20]} 10. exd4 {[%clk 1:29:05]} c6 {[%clk 1:24:32]} 11. Qb3 {[%clk 1:13:31]}
Nh5 {[%clk 1:18:20]} 12. Be3 {[%clk 1:05:18]} f5 {[%clk 1:16:12]} 13. Ne2 {[%clk
0:58:56]} Qe7 {[%clk 0:33:36]} 14. Rfe1 {[%clk 0:48:36]} Qf7 {[%clk 0:24:56]} 15.
Rad1 {[%clk 0:25:45]} h6 {[%clk 0:23:06]} 16. d5 {[%clk 0:22:24]} c5 {[%clk
0:23:08]} 17. Nf4 {[%clk 0:22:15]} Nxf4 {[%clk 0:20:09]} 18. Bxf4 {[%clk
0:22:07]} Qf6 {[%clk 0:19:38]} 19. Bd2 {[%clk 0:18:37]} g5 {[%clk 0:17:12]} 20.
f4 {[%clk 0:16:56]} b6 {[%clk 0:15:37]} 21. Bc3 {[%clk 0:10:21]} Qf7 {[%clk
0:15:44]} 22. Re6 {[%clk 0:08:54]} Bxe6 {[%clk 0:12:36]} 23. dxe6 {[%clk
0:09:08]} Qe7 {[%clk 0:12:53]} 24. Bxg7 {[%clk 0:08:56]} Kxg7 {[%clk 0:12:38]}
25. Bxa8 {[%clk 0:08:36]} Rxa8 {[%clk 0:12:59]} 26. fxg5 {[%clk 0:08:00]} hxg5
{[%clk 0:11:24]} 27. Qf3 {[%clk 0:07:42]} Rf8 {[%clk 0:10:37]} 28. Qd5 {[%clk
0:07:47]} Rf6 {[%clk 0:09:28]} 29. Re1 {[%clk 0:07:49]} Kh6 {[%clk 0:08:26]} 30.
Kh1 {[%clk 0:06:33]} f4 {[%clk 0:05:53]} 31. gxf4 {[%clk 0:06:09]} Rxf4 {[%clk
0:05:11]} 32. b3 {[%clk 0:02:48]} Kg6 {[%clk 0:01:18]} 33. Qa8 {[%clk 0:01:58]}
Qf6 {[%clk 0:00:54]} 34. Qg2 {[%clk 0:01:13]} Rf2 {[%clk 0:01:13]} 35. Qe4+
{[%clk 0:00:58]} Kh6 {[%clk 0:01:10]} 36. Kg1 {[%clk 0:00:53]} Rf4 {[%clk
0:01:11]} 37. Qg2 {[%clk 0:00:38]} Qe7 {[%clk 0:00:54]} 38. Kh1 {[%clk 0:00:41]}
Kg6 {[%clk 0:00:49]} 39. h3 {[%clk 0:00:34]} g4 {[%clk 0:00:42]} 40. Qg3 {[%clk
0:30:36]} Qf6 {[%clk 0:30:36]} 41. Qd3+ {[%clk 0:17:34]} Kg5 {[%clk 0:27:25]} 42.
Qe3 {[%clk 0:08:06]} Kg6 {[%clk 0:21:30]} 43. e7 {[%clk 0:06:48]} Rf1+ {[%clk
0:21:12]} 44. Rxf1 {[%clk 0:06:30]} Qxf1+ {[%clk 0:21:24]} 45. Kh2 {[%clk
0:06:56]} g3+ {[%clk 0:21:23]} 46. Kxg3 {[%clk 0:07:18]} 1-0

[Event "U20 Polish Youth Championship"]
[Site "Ustron"]
[Date "2019.11.23"]
[Round "1"]
[White "Trybus, Daniel"]
[Black "Godzwon, Iwo"]
[Result "0-1"]
[Board "19"]
[WhiteElo "1862"]
[WhiteCountry "POL"]
[WhiteFideId "21816131"]
[WhiteEloChange "-2"]
[BlackElo "2275"]
[BlackTitle "FM"]
[BlackCountry "POL"]
[BlackFideId "21802483"]
[BlackEloChange "2"]

1. e4 {[%clk 1:30:58]} c5 {[%clk 1:30:57]} 2. Nf3 {[%clk 1:31:26]} e6 {[%clk
1:31:24]} 3. g3 {[%clk 1:31:48]} Nc6 {[%clk 1:27:16]} 4. Bg2 {[%clk 1:32:10]} Nf6
{[%clk 1:26:15]} 5. Qe2 {[%clk 1:28:46]} d6 {[%clk 1:15:24]} 6. O-O {[%clk
1:28:41]} Be7 {[%clk 1:15:52]} 7. Na3 {[%clk 1:27:34]} O-O {[%clk 1:15:48]} 8. c3
{[%clk 1:26:52]} a6 {[%clk 1:11:05]} 9. Rd1 {[%clk 1:24:27]} d5 {[%clk 1:07:43]}
10. exd5 {[%clk 1:24:27]} Nxd5 {[%clk 1:07:44]} 11. Nc4 {[%clk 1:19:08]} b5
{[%clk 0:58:35]} 12. Nce5 {[%clk 1:13:58]} Nxe5 {[%clk 0:58:52]} 13. Nxe5 {[%clk
1:14:08]} Bb7 {[%clk 0:59:21]} 14. a4 {[%clk 1:00:58]} Qc7 {[%clk 0:59:46]} 15.
axb5 {[%clk 0:53:45]} axb5 {[%clk 1:00:12]} 16. Rxa8 {[%clk 0:54:14]} Bxa8 {[%clk
1:00:27]} 17. Re1 {[%clk 0:48:00]} Bd6 {[%clk 0:49:27]} 18. d3 {[%clk 0:40:25]}
b4 {[%clk 0:43:03]} 19. c4 {[%clk 0:33:36]} Nb6 {[%clk 0:43:30]} 20. Bxa8 {[%clk
0:29:30]} Rxa8 {[%clk 0:43:55]} 21. Bf4 {[%clk 0:27:33]} f6 {[%clk 0:38:53]} 22.
Nf3 {[%clk 0:25:13]} e5 {[%clk 0:34:55]} 23. Bc1 {[%clk 0:24:22]} Qd7 {[%clk
0:29:30]} 24. Nd2 {[%clk 0:20:57]} Bf8 {[%clk 0:29:40]} 25. Ne4 {[%clk 0:19:04]}
Rd8 {[%clk 0:30:04]} 26. Be3 {[%clk 0:13:37]} Qxd3 {[%clk 0:27:00]} 27. Qg4
{[%clk 0:11:38]} Kh8 {[%clk 0:27:24]} 28. Nxc5 {[%clk 0:09:25]} Qxc4 {[%clk
0:21:16]} 29. Qe6 {[%clk 0:07:30]} Bxc5 {[%clk 0:20:44]} 30. Qxc4 {[%clk
0:06:44]} Nxc4 {[%clk 0:21:11]} 31. Bxc5 {[%clk 0:07:10]} b3 {[%clk 0:21:36]} 32.
Rc1 {[%clk 0:02:01]} Nxb2 {[%clk 0:22:02]} 33. Bb6 {[%clk 0:02:10]} Rd1+ {[%clk
0:22:28]} 0-1

[Event "U20 Polish Youth Championship"]
[Site "Ustron"]
[Date "2019.11.23"]
[Round "1"]
[White "Janeczko, Jakub"]
[Black "Niedbala, Bartlomiej"]
[Result "0-1"]
[Board "21"]
[WhiteElo "1839"]
[WhiteCountry "POL"]
[WhiteFideId "21871655"]
[WhiteEloChange "-2"]
[BlackElo "2239"]
[BlackCountry "POL"]
[BlackFideId "21834008"]
[BlackEloChange "2"]

1. e4 {[%clk 1:30:30]} g6 {[%clk 1:30:49]} 2. d4 {[%clk 1:29:53]} Bg7 {[%clk
1:30:38]} 3. Nc3 {[%clk 1:29:57]} d6 {[%clk 1:30:48]} 4. f4 {[%clk 1:29:47]} a6
{[%clk 1:27:18]} 5. Nf3 {[%clk 1:30:11]} b5 {[%clk 1:27:33]} 6. Bd3 {[%clk
1:30:21]} Nd7 {[%clk 1:27:57]} 7. Be3 {[%clk 1:27:32]} Bb7 {[%clk 1:22:25]} 8. e5
{[%clk 1:23:31]} Nh6 {[%clk 1:11:23]} 9. O-O {[%clk 1:12:42]} O-O {[%clk
1:09:44]} 10. Be4 {[%clk 1:06:05]} c6 {[%clk 0:59:05]} 11. h3 {[%clk 1:02:27]}
Nb6 {[%clk 0:56:04]} 12. b3 {[%clk 0:58:14]} Qc8 {[%clk 0:51:04]} 13. Bf2 {[%clk
0:51:20]} Rb8 {[%clk 0:40:54]} 14. Qe2 {[%clk 0:45:44]} f5 {[%clk 0:32:28]} 15.
Bd3 {[%clk 0:45:22]} Nf7 {[%clk 0:31:25]} 16. a3 {[%clk 0:36:15]} c5 {[%clk
0:28:18]} 17. dxc5 {[%clk 0:35:53]} dxc5 {[%clk 0:27:25]} 18. Qe3 {[%clk
0:33:38]} Nd7 {[%clk 0:17:31]} 19. Rad1 {[%clk 0:30:57]} e6 {[%clk 0:15:03]} 20.
Be2 {[%clk 0:30:57]} Re8 {[%clk 0:14:31]} 21. Rd2 {[%clk 0:25:29]} Bf8 {[%clk
0:14:31]} 22. Rfd1 {[%clk 0:24:40]} Nb6 {[%clk 0:13:43]} 23. g4 {[%clk 0:21:48]}
Nd5 {[%clk 0:09:16]} 24. Nxd5 {[%clk 0:22:02]} exd5 {[%clk 0:09:16]} 25. Nh2
{[%clk 0:20:43]} d4 {[%clk 0:04:13]} 26. Qg3 {[%clk 0:20:57]} g5 {[%clk 0:03:20]}
27. gxf5 {[%clk 0:14:54]} Qxf5 {[%clk 0:03:20]} 28. Ng4 {[%clk 0:14:52]} Bg7
{[%clk 0:03:03]} 29. Bd3 {[%clk 0:13:48]} Qxf4 {[%clk 0:02:51]} 30. Qxf4 {[%clk
0:13:05]} gxf4 {[%clk 0:02:51]} 31. Nf6+ {[%clk 0:12:38]} Bxf6 {[%clk 0:02:55]}
32. exf6 {[%clk 0:12:38]} Ng5 {[%clk 0:00:17]} 33. Re2 {[%clk 0:12:00]} Nxh3+ 34.
Kf1 {[%clk 0:12:00]} Rxe2 35. Bxe2 {[%clk 0:12:00]} f3 36. Bd3 {[%clk 0:12:00]}
Kf7 37. Re1 {[%clk 0:11:54]} Nxf2 38. Kxf2 {[%clk 0:12:13]} Kxf6 39. Bxh7 {[%clk
0:12:17]} Rh8 40. Bd3 {[%clk 0:12:17]} Bc6 41. Rg1 {[%clk 0:12:37]} Rh2+ 42. Kf1
{[%clk 0:12:46]} Rh6 43. Kf2 {[%clk 0:12:55]} Bd5 44. Rg4 {[%clk 0:13:14]} Ke6
45. Rg5 {[%clk 0:13:34]} c4 46. bxc4 {[%clk 0:13:53]} bxc4 47. Rg6+ {[%clk
0:14:13]} Rxg6 48. Bxg6 {[%clk 0:14:32]} Ke5 49. Bh5 {[%clk 0:14:52]} Kf4 50. Be8
{[%clk 0:15:06]} Be4 51. Ba4 {[%clk 0:15:21]} c3 52. Bb3 {[%clk 0:15:04]} d3 53.
cxd3 {[%clk 0:15:29]} Bxd3 54. a4 {[%clk 0:14:51]} a5 55. Bd1 {[%clk 0:13:58]} c2
56. Be2 {[%clk 0:14:18]} fxe2 57. Kg2 {[%clk 0:14:37]} c1Q 58. Kf2 {[%clk
0:14:57]} Qf1# 0-1

[Event "U20 Polish Youth Championship"]
[Site "Ustron"]
[Date "2019.11.23"]
[Round "1"]
[White "Czopor, Maciej"]
[Black "Gardian, Adam"]
[Result "1-0"]
[Board "22"]
[WhiteElo "2227"]
[WhiteCountry "POL"]
[WhiteFideId "21805431"]
[WhiteEloChange "2"]
[BlackElo "1835"]
[BlackCountry "POL"]
[BlackFideId "21831130"]
[BlackEloChange "-2"]

1. e4 {[%clk 1:30:57]} e5 {[%clk 1:30:55]} 2. Nf3 {[%clk 1:31:15]} Nc6 {[%clk
1:31:15]} 3. Bb5 {[%clk 1:31:33]} a6 {[%clk 1:31:39]} 4. Ba4 {[%clk 1:31:54]} d6
{[%clk 1:32:02]} 5. c3 {[%clk 1:29:07]} Bd7 {[%clk 1:32:10]} 6. O-O {[%clk
1:27:35]} g5 {[%clk 1:32:02]} 7. d4 {[%clk 1:23:23]} g4 {[%clk 1:31:20]} 8. Ne1
{[%clk 1:23:10]} h5 {[%clk 1:29:35]} 9. f4 {[%clk 1:15:04]} exf4 {[%clk 1:12:36]}
10. Bxf4 {[%clk 1:14:10]} Bh6 {[%clk 1:12:56]} 11. Qd2 {[%clk 0:54:51]} Qe7
{[%clk 1:05:48]} 12. Bb3 {[%clk 0:54:23]} O-O-O {[%clk 0:35:18]} 13. Bd5 {[%clk
0:47:00]} Rf8 {[%clk 0:22:12]} 14. Nd3 {[%clk 0:43:45]} f5 {[%clk 0:17:44]} 15.
e5 {[%clk 0:34:59]} dxe5 {[%clk 0:16:39]} 16. dxe5 {[%clk 0:34:25]} Nd8 {[%clk
0:15:05]} 17. Na3 {[%clk 0:31:40]} Be6 {[%clk 0:13:59]} 18. Bxh6 {[%clk 0:29:36]}
Rxh6 {[%clk 0:10:44]} 19. Nf4 {[%clk 0:28:51]} Qg7 {[%clk 0:08:32]} 20. Rad1
{[%clk 0:26:35]} Bxd5 {[%clk 0:04:21]} 21. Qxd5 {[%clk 0:25:37]} Re8 {[%clk
0:04:43]} 22. Nc4 {[%clk 0:23:33]} Qf7 {[%clk 0:04:18]} 23. Qd3 {[%clk 0:10:18]}
Rf8 {[%clk 0:00:32]} 24. Nd5 {[%clk 0:05:40]} f4 {[%clk 0:00:31]} 25. Rxf4 {[%clk
0:05:30]} Qe8 {[%clk 0:00:39]} 26. Rxf8 {[%clk 0:04:57]} Qxf8 {[%clk 0:01:05]}
27. Ndb6+ {[%clk 0:05:07]} cxb6 {[%clk 0:01:19]} 28. Qd7+ {[%clk 0:05:21]} 1-0

[Event "U20 Polish Youth Championship"]
[Site "Ustron"]
[Date "2019.11.23"]
[Round "1"]
[White "Starosciak, Szymon"]
[Black "Wisniewski, Michal"]
[Result "0-1"]
[Board "23"]
[WhiteElo "1714"]
[WhiteCountry "POL"]
[WhiteFideId "21895848"]
[WhiteEloChange "-2"]
[BlackElo "2158"]
[BlackCountry "POL"]
[BlackFideId "1159682"]
[BlackEloChange "2"]

1. e4 {[%clk 1:30:58]} d6 {[%clk 1:28:46]} 2. d4 {[%clk 1:31:15]} g6 {[%clk
1:28:07]} 3. Nc3 {[%clk 1:30:45]} Bg7 {[%clk 1:28:17]} 4. Nf3 {[%clk 1:30:29]} a6
{[%clk 1:27:25]} 5. a4 {[%clk 1:28:54]} Bg4 {[%clk 1:23:09]} 6. Be2 {[%clk
1:27:39]} Nd7 {[%clk 1:21:07]} 7. O-O {[%clk 1:22:55]} e6 {[%clk 1:12:03]} 8. h3
{[%clk 1:21:01]} Bxf3 {[%clk 1:10:51]} 9. Bxf3 {[%clk 1:21:26]} Ne7 {[%clk
1:10:41]} 10. Bg5 {[%clk 1:16:13]} h6 {[%clk 1:08:26]} 11. Be3 {[%clk 1:10:17]}
O-O {[%clk 1:08:41]} 12. Qd2 {[%clk 1:09:37]} Kh7 {[%clk 1:09:08]} 13. Be2 {[%clk
0:47:05]} c6 {[%clk 1:05:12]} 14. a5 {[%clk 0:46:09]} d5 {[%clk 0:59:02]} 15.
exd5 {[%clk 0:36:03]} cxd5 {[%clk 0:57:25]} 16. Bd3 {[%clk 0:30:40]} Nc6 {[%clk
0:44:11]} 17. Ne2 {[%clk 0:30:55]} Qe7 {[%clk 0:43:17]} 18. Ra3 {[%clk 0:21:47]}
Nb4 {[%clk 0:38:31]} 19. Rb3 {[%clk 0:20:29]} Nxd3 {[%clk 0:38:57]} 20. Qxd3
{[%clk 0:20:20]} Nb8 {[%clk 0:39:14]} 21. Bd2 {[%clk 0:17:32]} Nc6 {[%clk
0:37:29]} 22. Rb6 {[%clk 0:17:28]} Rfd8 {[%clk 0:36:52]} 23. Ra1 {[%clk 0:13:59]}
Rd7 {[%clk 0:34:16]} 24. Ra4 {[%clk 0:14:00]} Qh4 {[%clk 0:31:58]} 25. Bf4 {[%clk
0:10:19]} Rc8 {[%clk 0:21:25]} 26. Bg3 {[%clk 0:08:06]} Qd8 {[%clk 0:20:38]} 27.
Qb3 {[%clk 0:07:49]} Qe7 {[%clk 0:20:59]} 28. c3 {[%clk 0:05:13]} Ra8 {[%clk
0:20:32]} 29. Nf4 {[%clk 0:03:47]} Ra7 {[%clk 0:20:42]} 30. Nd3 {[%clk 0:03:50]}
Nd8 {[%clk 0:18:01]} 31. Nc5 {[%clk 0:03:52]} Rc7 {[%clk 0:18:27]} 32. Bxc7
{[%clk 0:04:10]} Qxc7 {[%clk 0:18:55]} 33. g3 {[%clk 0:03:05]} Bf8 {[%clk
0:18:16]} 34. Nd3 {[%clk 0:01:55]} Bd6 {[%clk 0:18:34]} 35. Kg2 {[%clk 0:02:16]}
Qe7 {[%clk 0:18:40]} 36. Qc2 {[%clk 0:01:54]} Nc6 {[%clk 0:18:21]} 37. Rb3 {[%clk
0:01:37]} Qc7 {[%clk 0:18:47]} 38. Nc5 {[%clk 0:01:03]} Bxc5 {[%clk 0:16:35]} 39.
dxc5 {[%clk 0:01:29]} Nxa5 {[%clk 0:17:01]} 40. Rba3 {[%clk 0:31:00]} Nc4 {[%clk
0:47:19]} 41. Ra1 {[%clk 0:30:09]} Qxc5 {[%clk 0:47:42]} 42. b3 {[%clk 0:28:01]}
Nd6 {[%clk 0:47:29]} 43. Qd2 {[%clk 0:25:27]} Ra8 {[%clk 0:45:29]} 44. Qd4 {[%clk
0:24:54]} Rc8 {[%clk 0:43:54]} 45. Qxc5 {[%clk 0:22:28]} Rxc5 {[%clk 0:44:22]}
46. Rc1 {[%clk 0:19:29]} Ne4 {[%clk 0:43:38]} 47. c4 {[%clk 0:16:56]} d4 {[%clk
0:44:04]} 48. Rb4 {[%clk 0:12:56]} Rc7 {[%clk 0:38:38]} 49. c5 {[%clk 0:06:40]}
e5 {[%clk 0:39:02]} 50. Re1 {[%clk 0:03:39]} Nxc5 {[%clk 0:39:23]} 51. Rc4 {[%clk
0:03:38]} b5 {[%clk 0:39:48]} 52. Rcc1 {[%clk 0:03:18]} d3 {[%clk 0:38:52]} 53.
Red1 {[%clk 0:02:27]} e4 {[%clk 0:39:09]} 54. b4 {[%clk 0:02:21]} Ne6 {[%clk
0:39:35]} 55. Rxc7 {[%clk 0:02:39]} Nxc7 {[%clk 0:40:04]} 56. f3 {[%clk 0:01:15]}
Nd5 {[%clk 0:40:18]} 57. Rd2 {[%clk 0:00:44]} f5 {[%clk 0:40:39]} 58. fxe4 {[%clk
0:00:47]} fxe4 {[%clk 0:41:08]} 59. Rb2 {[%clk 0:00:42]} e3 {[%clk 0:41:29]} 60.
Kf3 {[%clk 0:00:36]} d2 {[%clk 0:41:57]} 61. Rb1 {[%clk 0:00:32]} Nc3 {[%clk
0:42:23]} 62. Ra1 {[%clk 0:00:38]} e2 {[%clk 0:42:46]} 0-1

[Event "U20 Polish Youth Championship"]
[Site "Ustron"]
[Date "2019.11.24"]
[Round "2"]
[White "Janik, Igor"]
[Black "Walter, Szymon"]
[Result "1-0"]
[Board "1"]
[WhiteElo "2466"]
[WhiteTitle "IM"]
[WhiteCountry "POL"]
[WhiteFideId "1159259"]
[WhiteEloChange "3"]
[BlackElo "2304"]
[BlackTitle "FM"]
[BlackCountry "POL"]
[BlackFideId "1172590"]
[BlackEloChange "-6"]

1. e4 {[%clk 1:30:58]} c5 {[%clk 1:30:41]} 2. Nf3 {[%clk 1:31:15]} d6 {[%clk
1:30:58]} 3. d4 {[%clk 1:31:36]} cxd4 {[%clk 1:31:20]} 4. Nxd4 {[%clk 1:32:03]}
Nf6 {[%clk 1:31:35]} 5. Nc3 {[%clk 1:32:23]} g6 {[%clk 1:31:53]} 6. Be3 {[%clk
1:32:46]} Bg7 {[%clk 1:32:14]} 7. Be2 {[%clk 1:33:09]} O-O {[%clk 1:28:32]} 8.
Qd2 {[%clk 1:33:34]} Nc6 {[%clk 1:17:57]} 9. O-O-O {[%clk 1:33:52]} Ng4 {[%clk
1:18:09]} 10. Bxg4 {[%clk 1:34:11]} Bxg4 {[%clk 1:18:32]} 11. f3 {[%clk 1:34:36]}
Bd7 {[%clk 1:18:54]} 12. Kb1 {[%clk 1:32:08]} Qa5 {[%clk 1:10:02]} 13. Nd5 {[%clk
1:30:47]} Qxd2 {[%clk 1:08:08]} 14. Rxd2 {[%clk 1:31:12]} Bxd4 {[%clk 1:08:17]}
15. Bxd4 {[%clk 1:31:32]} f6 {[%clk 1:07:19]} 16. Bc3 {[%clk 1:29:02]} Kf7 {[%clk
1:04:08]} 17. b3 {[%clk 1:27:50]} Rac8 {[%clk 0:59:39]} 18. a4 {[%clk 1:25:27]}
f5 {[%clk 0:44:38]} 19. Re1 {[%clk 1:16:56]} Rfd8 {[%clk 0:40:23]} 20. Kb2 {[%clk
1:15:34]} e5 {[%clk 0:36:51]} 21. f4 {[%clk 1:06:24]} Be6 {[%clk 0:34:47]} 22.
exf5 {[%clk 1:00:54]} gxf5 {[%clk 0:34:56]} 23. Ne3 {[%clk 1:00:04]} h5 {[%clk
0:21:39]} 24. g3 {[%clk 0:58:19]} a6 {[%clk 0:16:03]} 25. fxe5 {[%clk 0:54:03]}
dxe5 {[%clk 0:16:19]} 26. Rf2 {[%clk 0:54:26]} Kg6 {[%clk 0:06:07]} 27. Ng2
{[%clk 0:54:36]} e4 {[%clk 0:06:11]} 28. Nf4+ {[%clk 0:54:46]} Kf7 {[%clk
0:06:38]} 29. Nxh5 {[%clk 0:54:44]} Ne7 {[%clk 0:06:52]} 30. Rxe4 {[%clk
0:53:20]} Nd5 {[%clk 0:06:57]} 31. Be5 {[%clk 0:52:24]} b5 {[%clk 0:04:33]} 32.
axb5 {[%clk 0:51:43]} axb5 {[%clk 0:05:00]} 33. g4 {[%clk 0:51:36]} 1-0

[Event "U20 Polish Youth Championship"]
[Site "Ustron"]
[Date "2019.11.24"]
[Round "2"]
[White "Koziol, Kamil"]
[Black "Tomczak, Mikolaj"]
[Result "1/2-1/2"]
[Board "2"]
[WhiteElo "2289"]
[WhiteTitle "FM"]
[WhiteCountry "POL"]
[WhiteFideId "1161555"]
[WhiteEloChange "4"]
[BlackElo "2437"]
[BlackTitle "FM"]
[BlackCountry "POL"]
[BlackFideId "1175114"]
[BlackEloChange "-2"]

1. e4 {[%clk 1:30:46]} c5 {[%clk 1:30:57]} 2. Nf3 {[%clk 1:31:07]} d6 {[%clk
1:31:23]} 3. d4 {[%clk 1:31:26]} cxd4 {[%clk 1:31:48]} 4. Nxd4 {[%clk 1:31:48]}
Nf6 {[%clk 1:32:15]} 5. Nc3 {[%clk 1:32:05]} a6 {[%clk 1:32:42]} 6. Be3 {[%clk
1:31:55]} e6 {[%clk 1:33:07]} 7. f3 {[%clk 1:32:07]} h5 {[%clk 1:33:32]} 8. Qd2
{[%clk 1:27:52]} Be7 {[%clk 1:33:54]} 9. O-O-O {[%clk 1:26:37]} b5 {[%clk
1:33:38]} 10. Qf2 {[%clk 1:06:57]} b4 {[%clk 1:25:43]} 11. Nce2 {[%clk 1:01:00]}
Bd7 {[%clk 1:25:45]} 12. Nb3 {[%clk 0:56:22]} Nc6 {[%clk 1:22:24]} 13. Ned4
{[%clk 0:55:33]} Ne5 {[%clk 1:14:09]} 14. h3 {[%clk 0:55:56]} h4 {[%clk 1:04:02]}
15. g4 {[%clk 0:48:57]} hxg3 {[%clk 1:04:09]} 16. Qxg3 {[%clk 0:49:18]} Ng6
{[%clk 0:56:41]} 17. Kb1 {[%clk 0:42:00]} Qb8 {[%clk 0:46:35]} 18. Bd3 {[%clk
0:35:25]} Nh5 {[%clk 0:40:31]} 19. Qh2 {[%clk 0:28:37]} Ne5 {[%clk 0:33:11]} 20.
Be2 {[%clk 0:25:41]} g5 {[%clk 0:31:23]} 21. Rhg1 {[%clk 0:25:46]} Qd8 {[%clk
0:27:53]} 22. f4 {[%clk 0:19:05]} Nxf4 {[%clk 0:26:03]} 23. Bxf4 {[%clk 0:19:23]}
gxf4 {[%clk 0:26:28]} 24. Qxf4 {[%clk 0:19:36]} Qb6 {[%clk 0:20:46]} 25. Nf3
{[%clk 0:15:00]} Ng6 {[%clk 0:17:44]} 26. Qd2 {[%clk 0:09:01]} Rxh3 {[%clk
0:12:28]} 27. Ng5 {[%clk 0:06:28]} Bxg5 {[%clk 0:09:41]} 28. Qxg5 {[%clk
0:05:53]} Rh8 {[%clk 0:05:36]} 29. Rdf1 {[%clk 0:05:15]} Ne5 {[%clk 0:04:30]} 30.
Qf6 {[%clk 0:02:14]} Rf8 {[%clk 0:04:55]} 31. Bh5 {[%clk 0:02:09]} Qd8 {[%clk
0:02:57]} 1/2-1/2

[Event "U20 Polish Youth Championship"]
[Site "Ustron"]
[Date "2019.11.24"]
[Round "2"]
[White "Teclaf, Pawel"]
[Black "Szpar, Milosz"]
[Result "1-0"]
[Board "3"]
[WhiteElo "2427"]
[WhiteTitle "IM"]
[WhiteCountry "POL"]
[WhiteFideId "1185934"]
[WhiteEloChange "3"]
[BlackElo "2291"]
[BlackTitle "FM"]
[BlackCountry "POL"]
[BlackFideId "1184989"]
[BlackEloChange "-6"]

1. e4 {[%clk 1:30:58]} c5 {[%clk 1:30:46]} 2. Nf3 {[%clk 1:31:19]} Nc6 {[%clk
1:31:07]} 3. d4 {[%clk 1:31:44]} cxd4 {[%clk 1:31:30]} 4. Nxd4 {[%clk 1:32:10]}
g6 {[%clk 1:31:43]} 5. c4 {[%clk 1:30:39]} Nf6 {[%clk 1:31:42]} 6. Nc3 {[%clk
1:30:32]} Nxd4 {[%clk 1:31:54]} 7. Qxd4 {[%clk 1:30:59]} d6 {[%clk 1:32:16]} 8.
Be3 {[%clk 1:24:03]} Bg7 {[%clk 1:31:55]} 9. f3 {[%clk 1:24:02]} O-O {[%clk
1:31:49]} 10. Qd2 {[%clk 1:24:26]} Be6 {[%clk 1:30:02]} 11. Rc1 {[%clk 1:16:53]}
Qa5 {[%clk 1:27:53]} 12. Nd5 {[%clk 1:14:14]} Qxa2 {[%clk 1:12:14]} 13. Nxe7+
{[%clk 1:06:45]} Kh8 {[%clk 1:12:38]} 14. Bd4 {[%clk 1:02:47]} Rfe8 {[%clk
1:06:50]} 15. Nd5 {[%clk 0:53:47]} Nxd5 {[%clk 0:48:17]} 16. cxd5 {[%clk
0:51:31]} Bxd5 {[%clk 0:42:18]} 17. Bb5 {[%clk 0:50:29]} Re7 {[%clk 0:31:33]} 18.
O-O {[%clk 0:49:12]} Be6 {[%clk 0:26:16]} 19. Bxg7+ {[%clk 0:45:29]} Kxg7 {[%clk
0:26:40]} 20. Qxd6 {[%clk 0:45:46]} Qa5 {[%clk 0:21:33]} 21. Qxe7 {[%clk
0:44:37]} Qxb5 {[%clk 0:21:58]} 22. Rc2 {[%clk 0:37:38]} Qd3 {[%clk 0:19:54]} 23.
Qxb7 {[%clk 0:35:31]} Qd4+ {[%clk 0:16:13]} 24. Kh1 {[%clk 0:34:45]} Rd8 {[%clk
0:16:22]} 25. h3 {[%clk 0:32:08]} g5 {[%clk 0:15:30]} 26. Ra1 {[%clk 0:30:15]}
Qe3 {[%clk 0:11:47]} 27. Rc3 {[%clk 0:26:54]} Qd2 {[%clk 0:11:31]} 28. Qxa7
{[%clk 0:25:47]} Qxb2 {[%clk 0:11:01]} 29. Qa3 {[%clk 0:25:50]} Qb8 {[%clk
0:10:19]} 30. Qe7 {[%clk 0:23:00]} Kg6 {[%clk 0:07:37]} 31. Rc5 {[%clk 0:22:11]}
h6 {[%clk 0:07:06]} 32. Qc7 {[%clk 0:22:34]} Qxc7 {[%clk 0:04:31]} 33. Rxc7
{[%clk 0:23:02]} Rd2 {[%clk 0:03:10]} 34. Kh2 {[%clk 0:21:58]} Kf6 {[%clk
0:02:57]} 35. Ra5 {[%clk 0:21:08]} Rb2 {[%clk 0:03:08]} 36. Rac5 {[%clk 0:20:42]}
Ra2 {[%clk 0:03:18]} 37. Rc2 {[%clk 0:20:46]} Ra3 {[%clk 0:03:30]} 38. Kg3 {[%clk
0:20:52]} Ke5 {[%clk 0:02:35]} 39. R7c5+ {[%clk 0:19:51]} Kf6 {[%clk 0:02:59]}
40. h4 {[%clk 0:48:19]} Kg6 {[%clk 0:33:19]} 41. Rb2 {[%clk 0:46:44]} 1-0